Joueurs et Coach de la Karmine Corp et Kameto Corp - Statistiques

Statistiques générales
  • Ce quiz a été pris 223 fois
  • Le résultat moyen est 28 sur 56
Statistiques - réponses
Hint Réponse % Correct
Rocket League Vatira
93%
Rocket League Itachi
88%
League of Legends Saken
79%
Rocket League Exotiik
77%
League of Legends Cabochard
75%
League of Legends Caliste
74%
League of Legends Adam
72%
League of Legends Targamas
71%
League of Legends Rekkles
69%
League of Legends Cinkrof
67%
Teamfight Tactics Double
66%
Rocket League Eversax
66%
Trackmania Bren
65%
League of Legends 113
63%
Trackmania Otaaaq
58%
Valorant Shin
58%
Teamfight Tactics Canbizz
57%
League of Legends Hantera
57%
Valorant Scream
57%
League of Legends Xmatty
54%
Valorant Nivera
53%
League of Legends Nuclearint
53%
Valorant Xms
53%
Valorant Ze1sh
53%
Rocket League Aztral
51%
Smash Kurama
51%
Valorant Newzera
51%
Rocket League Noly
51%
Valorant Mel
50%
League of Legends Reha
50%
League of Legends Skeanz
49%
League of Legends Striker
49%
Valorant Takas
48%
League of Legends Kaori
46%
Valorant Nelo
46%
League of Legends Whiteinn
45%
Valorant Matriix
44%
League of Legends Akabane
43%
Valorant pm
43%
Rocket League Stake
43%
Valorant Ninou
41%
League of Legends Jujutw0
38%
League of Legends Wao
37%
Valorant Lirilia
36%
Trackmania Darker
35%
Valorant Mikee
35%
Valorant Emash
34%
Valorant Amilwa
31%
League of Legends Helaz
31%
League of Legends Wadi
31%
Valorant Laaw
29%
League of Legends Nerroh
23%
League of Legends Nicolas Perez
17%
Rocket League Arleyobi
15%
League of Legends Nalkya
12%
League of Legends Galdix
5%
Aucun quiz correspondant
Distribution des résultats
% des personnes avec chaque résultat
Percentile par nombre de réponses
Votre historique - résultats
Vous n’avez pas pris ce quiz